ՀՀ Գիտությունների ազգային ակադեմիայի հիմնարար գիտական գրադարան  =   Fundamental Scientific Library of NAS RA

Սովետական Հայաստանի կոլտնտեսային գյուղացիությունը Հայրենական Մեծ պատերազմի տարիներին (1941-1945) = (Record no. 122354)

MARC details
000 -LEADER
fixed length control field 01391nam a2200241 a 4500
001 - CONTROL NUMBER
control field 000327603
003 - CONTROL NUMBER IDENTIFIER
control field AM-YeHGA
005 - DATE AND TIME OF LATEST TRANSACTION
control field 20250618072047.0
008 - FIXED-LENGTH DATA ELEMENTS--GENERAL INFORMATION
fixed length control field 040415s1979 ai 000 | arm d
040 ## - CATALOGING SOURCE
Original cataloging agency AM-YeHGA
041 0# - LANGUAGE CODE
Language code of text/sound track or separate title arm
090 ## - LOCALLY ASSIGNED LC-TYPE CALL NUMBER (OCLC); LOCAL CALL NUMBER (RLIN)
-- 123707
100 1# - MAIN ENTRY--PERSONAL NAME
Personal name Գրիգորյան, Քնարիկ Գրիգորի.
245 10 - TITLE STATEMENT
Title Սովետական Հայաստանի կոլտնտեսային գյուղացիությունը Հայրենական Մեծ պատերազմի տարիներին (1941-1945) =
Remainder of title Колхозное крестьянство Cоветской Армении в годы Великой Отечественной войны (1941-1945) /
Statement of responsibility, etc. Ք. Գրիգորյան; ՀՍՍՀ ԳԱ Պատմ. ին-տ; Պատ. խմբ.՝ Գ.Մ. Գեղամյան.
246 31 - VARYING FORM OF TITLE
Title proper/short title Колхозное крестьянство Cоветской Армении в годы Великой Отечественной войны (1941-1945)
260 ## - PUBLICATION, DISTRIBUTION, ETC.
Place of publication, distribution, etc. Երևան :
Name of publisher, distributor, etc. ՀՍՍՀ ԳԱ հրատ.,
Date of publication, distribution, etc. 1979.
300 ## - PHYSICAL DESCRIPTION
Extent 194 էջ ;
Dimensions 20 սմ.
504 ## - BIBLIOGRAPHY, ETC. NOTE
Bibliography, etc. note Մատենագիտ. տողատ. ծանոթ.` հայ. և ռուս.
650 14 - SUBJECT ADDED ENTRY--TOPICAL TERM
Topical term or geographic name entry element Պատմություն
Active dates 1941
650 14 - SUBJECT ADDED ENTRY--TOPICAL TERM
Topical term or geographic name entry element Հայրենական Մեծ պատերազմ
9 (RLIN) 887
700 1# - ADDED ENTRY--PERSONAL NAME
Personal name Գեղամյան, Գուրգեն Միքայելի,
Dates associated with a name 1930-
Relator term խմբ.
Relationship edt
9 (RLIN) 3018
710 2# - ADDED ENTRY--CORPORATE NAME
Corporate name or jurisdiction name as entry element Պատմության ինստիտուտ ՀՍՍՀ ԳԱ
Holdings
Withdrawn status Lost status Damaged status Not for loan Collection Home library Current library Date acquired Total checkouts Full call number Barcode Date last seen Price effective from Koha item type Public note
        General Fundamental Scientific Library Fundamental Scientific Library 22/12/2016   338.1K(479.25) 220063080 22/12/2016 22/12/2016 Գրքեր / Books 30 Days Loan
        General Fundamental Scientific Library Fundamental Scientific Library 22/12/2016   338.1K(479.25) 220063897 22/12/2016 22/12/2016 Գրքեր / Books 30 Days Loan
        General Fundamental Scientific Library Fundamental Scientific Library 22/12/2016   338.1K(479.25) 220064543 22/12/2016 22/12/2016 Գրքեր / Books 30 Days Loan
        General Fundamental Scientific Library Fundamental Scientific Library 22/12/2016   338.1K(479.25) 220064544 22/12/2016 22/12/2016 Գրքեր / Books 30 Days Loan


ՀՀ ԳԱԱ հիմնարար գիտական գրադարան
ՀՀ,Երևան 0019
Մարշալ Բաղրամյան 24/6
հեռախոս:(374-10) 52-47-50
Հետադարձ կապ

All site content, except where otherwise noted, is licensed under a
Creative Commons License